Essential mathematics for economics / Alexis ASkira Toda. (Record no. 22175)
| 000 -LEADER | |
|---|---|
| fixed length control field | 00934nam a22001697a 4500 |
| 020 ## - INTERNATIONAL STANDARD BOOK NUMBER | |
| ISBN | 9781032698946 |
| 082 ## - DEWEY DECIMAL CLASSIFICATION NUMBER | |
| Classification number | 330.0151 |
| Item number | T633 2025 |
| 100 ## - MAIN ENTRY--AUTHOR NAME | |
| Personal name | Toda, Alexis Akira, author. |
| 245 ## - TITLE STATEMENT | |
| Title | Essential mathematics for economics / Alexis ASkira Toda. |
| 260 ## - PUBLICATION, DISTRIBUTION, ETC. (IMPRINT) | |
| Place of publication | Boca Raton; Abingdon, Oxon : |
| Name of publisher | CRC Press, |
| Year of publication | 2025. |
| 300 ## - PHYSICAL DESCRIPTION | |
| Number of Pages | 1 online resource, xxii, 285 pages : |
| Other physical details | illustrations |
| 520 ## - SUMMARY, ETC. | |
| Summary, etc | Essential Mathematics for Economics covers mathematical topics that are essential for economic analysis in a concise but rigorous fashion. The book covers selected topics such as linear algebra, real analysis, convex analysis, constrained optimization, dynamic programming, and numerical analysis in a single volume. The book is entirely self-contained, and almost all propositions are proved"-- Provided by publisher |
| 650 ## - SUBJECT ADDED ENTRY--TOPICAL TERM | |
| Topical Term | Economics |
| 650 ## - SUBJECT ADDED ENTRY--TOPICAL TERM | |
| Topical Term | Mathematics |
| 650 ## - SUBJECT ADDED ENTRY--TOPICAL TERM | |
| Topical Term | Economics- Mathematical Model |
| 942 ## - ADDED ENTRY ELEMENTS (KOHA) | |
| Koha item type | Electronic Books |
| Source of acquisition | Permanent Location | Date acquired | Collection code | Koha item type | Lost status | Shelving location | Withdrawn status | Current Location | Full call number |
|---|---|---|---|---|---|---|---|---|---|
| Donation | Cagayan State University - Carig Library | 2026-04-15 | E-Books | Electronic Books | E-Resource Section | Cagayan State University - Carig Library | 330.0151 T633 2025 |